Selected Far Eastern art in the Yale University Art Gallery: (Record no. 27405)

000 -LEADER
fixed length control field 01087cam a2200313 4500
001 - CONTROL NUMBER
control field 3603096
003 - CONTROL NUMBER IDENTIFIER
control field OSt
005 - DATE AND TIME OF LATEST TRANSACTION
control field 20170208120531.0
008 - FIXED-LENGTH DATA ELEMENTS--GENERAL INFORMATION
fixed length control field 710208s1970 ctua bc 001 0 eng
010 ## - LIBRARY OF CONGRESS CONTROL NUMBER
LC control number 71118730
020 ## - INTERNATIONAL STANDARD BOOK NUMBER
International Standard Book Number 0300012977
040 ## - CATALOGING SOURCE
Original cataloging agency DLC
Transcribing agency DLC
Modifying agency DLC
043 ## - GEOGRAPHIC AREA CODE
Geographic area code ae-----
050 00 - LIBRARY OF CONGRESS CALL NUMBER
Classification number N7336
Item number .Y34 1970
082 00 - DEWEY DECIMAL CLASSIFICATION NUMBER
Classification number 709.5/074/01468
110 2# - MAIN ENTRY--CORPORATE NAME
Corporate name or jurisdiction name as entry element Yale University.
Subordinate unit Art Gallery.
245 10 - TITLE STATEMENT
Title Selected Far Eastern art in the Yale University Art Gallery:
Remainder of title a catalogue,
Statement of responsibility, etc. by George J. Lee.
260 ## - PUBLICATION, DISTRIBUTION, ETC. (IMPRINT)
Place of publication, distribution, etc. New Haven,
Name of publisher, distributor, etc. Yale University Press,
Date of publication, distribution, etc. 1970.
300 ## - PHYSICAL DESCRIPTION
Extent xvi, 285 p.
Other physical details illus.
Dimensions 26 cm.
350 ## - PRICE (NR) (BK AM CF MU VM SE) [OBSOLETE]
Price $12.50
500 ## - GENERAL NOTE
General note Title on spine: Far Eastern art in the Yale Art Gallery.
504 ## - BIBLIOGRAPHY, ETC. NOTE
Bibliography, etc Bibliography: p. 269-273.
650 #0 - SUBJECT ADDED ENTRY--TOPICAL TERM
Topical term or geographic name as entry element Art, East Asian
General subdivision Catalogs.
650 #0 - SUBJECT ADDED ENTRY--TOPICAL TERM
Topical term or geographic name as entry element Art
Geographic subdivision Connecticut
-- New Haven
General subdivision Catalogs.
700 1# - ADDED ENTRY--PERSONAL NAME
Personal name Lee, George J.,
Dates associated with a name 1919-
740 ## - ADDED ENTRY--UNCONTROLLED RELATED/ANALYTICAL TITLE
Uncontrolled related/analytical title Far Eastern art in the Yale Art Gallery.
906 ## - LOCAL DATA ELEMENT F, LDF (RLIN)
a 7
b cbc
c orignew
d 2
e ncip
f 19
g y-gencatlg
942 ## - ADDED ENTRY ELEMENTS (KOHA)
Source of classification or shelving scheme
Koha item type Hard Covered Materials
Classification part N 7336 .Y34 1970
Holdings
Withdrawn status Lost status Source of classification or shelving scheme Damaged status Not for loan Home library Current library Shelving location Date acquired Source of acquisition Total Checkouts Full call number Barcode Date last seen Price effective from Koha item type
          MACHAKOS UNIVERSITY LIBRARY MACHAKOS UNIVERSITY LIBRARY Technical section 08/02/2017 Donation(B.F.A)   N 7336 .Y34 1970 35020 19/07/2018 08/02/2017 Hard Covered Materials
© Machakos University Library, Along The Highway, Machakos Wote Rd, Machakos, Kenya P.O. Box 136 - 90100 Machakos - Kenya

Tel: ( +254 ) 723 805829 OR Fax : 044-20353 OR Email: library@mksu.ac.ke